[Event "Texas Collegiate chT 2017"]
[Site "Brownsville"]
[Date "2017.10.21"]
[Round "2"]
[White "Hevia Alejano, Carlos Antonio"]
[Black "Shtembuliak, Evgeny"]
[Result "1-0"]
[WhiteElo "2496"]
[BlackElo "2488"]
[Annotator "TA"]
[PlyCount "191"]
[EventDate "2017.??.??"]
[EventType "team-tourn"]
[EventCountry "USA"]
[SourceTitle "playchess.com"]
[Source "ChessBase"]
[SourceQuality "1"]

{[%evp 15,191,6,6,4,6,6,8,8,2,-22,25,0,44,30,48,54,51,69,96,58,72,16,31,0,8,-20,-2,-13,0,-12,0,0,0,0,0,-6,-4,-14,-32,-48,-46,-56,-42,-40,-42,-64,-65,-60,-53,-72,-64,-55,0,-69,-31,-33,-29,-44,-32,-31,-38,-48,-52,-88,-101,-99,-34,-36,-32,-36,-35,-96,-90,-100,-96,-108,-100,-110,-107,-113,-114,-129,-96,-96,0,-131,-130,-126,-122,-120,-119,-167,-125,-135,-133,-146,-75,-83,0,-139,-124,-138,-112,-121,-98,-99,-81,-127,-108,-166,-164,-162,-145,-238,-215,-190,-126,-133,-123,-133,-126,-123,-129,-120,-8,-8,0,0,0,0,0,0,0,0,316,316,316,316,716,678,997,558,29944,29945,6246,5341,1715,490,2884,29949,29948,5073,4622,4618,29959,29962,29963,29965,29960,29963,29956,29958,29978,29979,29977,29963,29982,29983,29983,29984,29984,29985,29985,29986,29983,29984,29984,29983]} 1. e4 e6 2. d4 d5 3. Nc3 Nf6 4. e5 Nfd7 5. f4 c5 6. Nf3 Nc6 7. Be3 Be7 8. Qd2 O-O 9. Be2 {C11: French: Classical System: 4 e5 and 4 Bg5 dxe4} a6 10. O-O b5 11. Nd1 {The position is equal.} (11. a3 Bb7 12. Nd1 f6 13. c3 Rc8 14. Bd3 Na5 15. Qe2 fxe5 16. fxe5 cxd4 17. cxd4 {1-0 (38) Grischuk,A (2761)-Caruana,F (2808) Paris 2017}) 11... b4 12. Rc1 a5 13. c4 (13. dxc5 {with more complications.} Nxc5 14. c4 dxc4 15. Qxd8 Rxd8 16. Bxc4 Bb7 17. Bb5) 13... bxc3 $146 (13... cxd4 {is more complex.} 14. Nxd4 Nxd4 15. Bxd4 dxc4 16. Ne3 Nb6) ({Predecessor:} 13... Nxd4 14. Bxd4 cxd4 15. cxd5 Bc5 16. Bd3 exd5 17. Bxh7+ Kxh7 18. Ng5+ Kg8 19. Qd3 g6 20. Qh3 Nf6 21. Qh6 Re8 22. Rxc5 Qb6 23. Rc7 {1-0 (23) Scherer,L-Campbell,I (1873) ICCF email 2013}) 14. Nxc3 {Black should prevent dxc5.} cxd4 15. Nxd4 Nxd4 16. Bxd4 Ba6 17. Bxa6 Rxa6 18. Na4 (18. Nb5 $16) 18... Qb8 19. Qd3 Qb7 20. b3 g6 21. Qc3 Ba3 22. Rc2 Qb5 23. Rf3 Nb8 24. Qd3 Qxd3 25. Rxd3 Rc6 26. Rxc6 Nxc6 27. Bb6 Nb4 28. Rd1 Rc8 $36 {[%mdl 2048] White is under pressure.} 29. Bc5 Nc2 30. Bb6 Bb4 31. Nb2 Rc6 32. Ba7 Ba3 33. Na4 Bb4 34. Nb2 $1 Na3 {Strongly threatening ...Nb5.} 35. Nd3 Nb5 36. Be3 Nc3 37. Ra1 Ba3 38. Kf1 Ne4 39. Bc1 Be7 40. Be3 Rc2 (40... Rc3 $17 41. Ke2 Rc2+ 42. Kf1 Ba3) 41. Ne1 $15 Rc3 42. Bd4 Rc6 43. Bb2 {[#]} (43. Ke2 $15) 43... a4 $1 $17 {[%mdl 512]} 44. bxa4 Ra6 45. Ke2 Rxa4 46. Nd3 h5 47. Kd1 h4 48. Kc2 Rc4+ 49. Kd1 Ra4 50. Kc2 $1 g5 51. fxg5 Bxg5 52. Bc1 Be7 53. Bd2 Kg7 54. Be1 Kg6 55. Kb2 Rd4 ({Black should try} 55... Nc5 56. Nxc5 Bxc5) 56. Kc2 Ra4 (56... Rc4+ $142 57. Kb3 Rd4) 57. Kb2 $1 Kf5 58. a3 Rd4 59. Kc2 Rc4+ 60. Kb3 Nc5+ 61. Nxc5 Bxc5 {[%mdl 4096] Endgame KRB-KRB} 62. Bc3 (62. a4 $17 {was worth a try.}) 62... Rg4 $19 63. Ra2 d4 64. Bb4 (64. Be1 $17) 64... Bxb4 $1 65. axb4 Kxe5 {KR-KR} (65... Ke4 $1 $19 {And now ...d3 would win.} 66. b5 Rg8 67. Re2+ Kd5) 66. Kc4 $17 {[#]} d3+ $1 {[%mdl 512]} 67. Kc3 (67. Kxd3 Rxb4) 67... Rd4 68. b5 Ke4 {Hoping for ...Ke3.} 69. b6 Rd7 (69... Rd6 $1 $17 70. b7 d2 71. Rxd2 (71. Ra4+ Ke3 $17) 71... Rc6+ 72. Kb4 Rb6+ 73. Kc5 Rxb7 74. Rd4+ Ke5 75. Rxh4 Rc7+ 76. Kb4 Kd5) 70. Kd2 $1 $11 h3 71. gxh3 {aiming for Ra4+.} Rb7 72. Rb2 e5 73. h4 {[%cal Bh3h4,Bh4h5,Bh5h6,Bh6h7][%mdl 32] Threatens to win with h5.} f5 74. h5 Kd4 $2 {[%mdl 8192] [#]} (74... Kf3 $11 75. Kxd3 e4+ 76. Kd2 e3+ 77. Ke1 Rh7) 75. h6 $1 $18 e4 76. Rb4+ Kc5 $2 {[#]} (76... Ke5 77. h7 Rxh7) 77. h7 $1 {[%cal Rh7h8][%mdl 512]} Rb8 (77... Rxh7 78. b7) 78. Ra4 {Black must now prevent b7.} Re8 79. b7 e3+ 80. Kxd3 {Threatening mate with Ra8.} e2 81. Ra1 (81. Rc4+ $142 Kd5 82. Rc1) 81... f4 (81... Kb6 $142 82. Rb1+ Kc5) 82. Kd2 (82. Rc1+ $18 Kd5 83. Rb1) 82... Kc6 83. Rb1 f3 84. Ke1 Kd5 85. b8=Q {White mates.} f2+ 86. Kxf2 e1=Q+ 87. Rxe1 Rxb8 {KR-KR} 88. Kg3 Rh8 89. Re7 Kd6 90. Ra7 Ke6 91. Kg4 Kf6 92. Kh5 Rb8 93. Kh6 Rc8 94. h4 {[%cal Bh2h4,Bh4h5][%mdl 32]} Rb8 95. h5 Rc8 96. Rg7 {Precision: White = 67%, Black = 51%.} 1-0

[Event "Texas Collegiate chT 2017"]
[Site "Brownsville"]
[Date "2017.10.21"]
[Round "2"]
[White "RAZNIKOV, Dani"]
[Black "Heredia Serrano, Carla"]
[Result "1/2-1/2"]
[WhiteElo "2491"]
[BlackElo "2116"]
[Annotator "TA"]
[PlyCount "80"]
[EventDate "2017.??.??"]
[EventType "team-tourn"]
[EventCountry "USA"]
[SourceTitle "playchess.com"]
[Source "ChessBase"]
[SourceQuality "1"]

{[%evp 28,80,43,38,54,52,63,49,86,10,32,21,28,0,16,16,28,-54,-44,-71,-74,-71,-62,-128,-24,-54,-40,-39,-17,-304,-280,-279,-276,-308,-120,-152,-150,-134,-132,-304,-108,-140,-165,-186,-178,-145,0,0,0,0,0,0,0,0,0]} 1. d4 d5 2. c4 c6 3. cxd5 cxd5 4. Bf4 Nf6 5. Nc3 Nc6 6. e3 Bf5 7. Qb3 Na5 8. Qa4+ Bd7 9. Qc2 e6 10. Nf3 Rc8 11. Bd3 b5 12. a3 {[%cal Ba2a3,Ba3a4][%mdl 32]} Be7 {D14: Slav Defence: Exchange variation with ...Bf5} 13. O-O (13. Qe2 a6 14. Ne5 O-O 15. O-O Qb6 16. a4 b4 17. Nb1 Ra8 18. Bg5 Be8 19. Nd2 h6 20. Bh4 {1-0 (57) Howell,D (2684)-Melkumyan,H (2613) Minsk 2017}) 13... O-O 14. Ne5 Nc4 15. Rfc1 {LiveBook: 10 Games} h6 16. Qe2 $146 a6 17. a4 b4 18. Nxd7 (18. Bxc4 $16 dxc4 19. Nd1) 18... Qxd7 $11 19. Nd1 a5 20. b3 Nd6 21. Ba6 Rc6 22. Bb5 (22. f3 $11) 22... Nxb5 $15 23. Qxb5 Rfc8 $1 24. Rxc6 Qxc6 25. Qxa5 (25. f3 $15) 25... Qc2 ({Better is} 25... g5 $17 26. Be5 Ne4) 26. Qa6 Ne4 $1 {[%cal Bf6e4,Be4d2,Bd2b3][%mdl 32]} 27. h3 Nd2 28. Kh2 $2 {[%mdl 8192]} (28. e4 $1 $11 {and White has nothing to worry.} Nxb3 29. Ne3) 28... Nxb3 $19 29. Ra2 Qc4 $1 {[%cal Rc4a6]} ({Weaker is} 29... Qxa2 30. Qxc8+ Kh7 31. Qb7 $11) 30. Qa7 Bd8 $2 (30... Bf6 $19 {White must now prevent ...Qd3.} 31. Rb2 Nxd4 $1 {[%mdl 512]}) 31. Qd7 $17 Nc1 32. Rd2 {Threatening Qe8+.} Ba5 33. Qa7 $2 {[#]} (33. Qb5 $17 {might work better.}) 33... Bc7 $2 (33... Nb3 $1 $19 {[%cal Rb3d2] is more deadly.} 34. Rb2 Qd3 35. Rxb3 Qxb3 36. Qxa5 Qxd1 37. Qxb4 Rc1) 34. Bxc7 Rxc7 35. Qb8+ Rc8 36. Qb7 {[#]} b3 (36... Rf8 $1 $17 {...Qf1 is the strong threat.} 37. Kg3 h5) 37. a5 $11 {The position is equal.} Rc7 38. Qb8+ Rc8 39. Qb7 Rc7 40. Qb8+ Rc8 {Precision: White = 52%, Black = 44%.} 1/2-1/2

[Event "Texas Collegiate chT 2017"]
[Site "Brownsville"]
[Date "2017.10.21"]
[Round "2"]
[White "Ynojosa Aponte, Felix Jose"]
[Black "Popilski, Gil"]
[Result "0-1"]
[WhiteElo "2433"]
[BlackElo "2499"]
[Annotator "TA"]
[PlyCount "58"]
[EventDate "2017.??.??"]
[EventType "team-tourn"]
[EventCountry "USA"]
[SourceTitle "playchess.com"]
[Source "ChessBase"]
[SourceQuality "1"]

{[%evp 9,58,-6,-15,-37,-33,-33,-32,-27,-30,-27,-10,-29,-20,-36,-36,-42,-35,-50,-42,-47,-8,-10,2,-21,-22,-23,-9,-18,0,-123,-130,-197,-115,-535,-501,-527,-520,-498,-526,-515,-504,-897,-867,-1702,-1720,-1593,-1529,-1732,-1275,-1191,-1103]} 1. c4 g6 2. Nc3 Bg7 3. Nf3 c5 4. d3 Nc6 5. e4 d6 6. h3 {B20: Sicilian: Unusual White 2nd moves} (6. g3 Bg4 7. h3 Bxf3 8. Qxf3 e6 9. Bg2 Nge7 10. O-O O-O 11. Qd1 Rb8 12. Be3 Nd4 13. Qd2 a6 {0-1 (49) Eggink,R (2322)-Mista,A (2599) Warsaw 2017}) 6... e6 7. Be2 Nge7 8. O-O $1 {Black is slightly better.} O-O 9. Bf4 a6 10. Qd2 Nd4 $146 ({Predecessor:} 10... Rb8 11. Bh6 e5 12. Nh2 f5 13. Bxg7 Kxg7 {1-0 (46) Rety,J (1992)-Lunn,T (2115) Paignton 2005}) 11. Nxd4 cxd4 12. Nb1 e5 13. Bg5 f6 $36 {[%mdl 2048] White is under pressure.} 14. Bh4 g5 15. Bg3 h6 16. Na3 f5 17. exf5 $1 Bxf5 18. Rfe1 Qd7 19. Bf3 {[#]} (19. c5 $11 {remains equal.}) 19... Bxh3 $1 $17 {[%mdl 512]} 20. c5 {[#]} (20. Bd1 $17 Be6 21. c5 $1 {[%mdl 512]}) (20. gxh3 Rxf3) 20... d5 ({Resist} 20... dxc5 21. Nc4 $15) (20... Rxf3 $1 $19 {[%mdl 512]} 21. gxf3 dxc5) 21. Bxe5 $2 {[%mdl 8192] [#]} (21. Bd1 $17 {is a better chance.} Bg4 22. Bxe5 Bxe5 23. Rxe5 Bxd1 24. Rxd1) 21... Rxf3 $1 {[%mdl 512] Black is clearly winning.} 22. gxf3 {Black must now prevent Bxg7.} Bxe5 23. Rxe5 Ng6 24. Rae1 Rf8 25. Qe2 (25. Rxg5 $142 hxg5 26. Qxg5) 25... Nf4 $19 (25... Nxe5 $2 26. Qxe5 Rxf3 27. Qe8+ Qxe8 28. Rxe8+ Kg7 29. Nc2 $19) 26. Qd1 Bg2 {( -> ...Qh3)} 27. Re6 Nxe6 28. Rxe6 Bxf3 29. Qe1 Kf7 {Precision: White = 48%, Black = 63%.} 0-1

[Event "Texas Collegiate chT 2017"]
[Site "Brownsville"]
[Date "2017.10.21"]
[Round "2"]
[White "Kambrath, Yannick"]
[Black "Arribas Lopez, Angel"]
[Result "0-1"]
[WhiteElo "2342"]
[BlackElo "2470"]
[Annotator "TA"]
[PlyCount "80"]
[EventDate "2017.??.??"]
[EventType "team-tourn"]
[EventCountry "USA"]
[SourceTitle "playchess.com"]
[Source "ChessBase"]
[SourceQuality "1"]

{[%evp 24,80,57,51,72,56,96,91,89,65,63,61,52,25,63,67,74,17,18,18,18,18,18,0,0,0,0,-110,-103,-286,-296,-523,-550,-561,-500,-579,-581,-550,-581,-563,-530,-522,-527,-448,-429,-419,-413,-396,-390,-29980,-2743,-29985,-29986,-29986,-29987,-29987,-29988,-29985,-29980]} 1. d4 Nf6 2. c4 g6 3. Nc3 Bg7 4. e4 d6 5. Be2 O-O 6. Nf3 e5 7. O-O Nc6 8. d5 Ne7 9. Ne1 Nd7 10. Nd3 f5 11. Bd2 Nf6 12. f3 c5 13. Rb1 {LiveBook: 35 Partien} h5 {E99: Königsindisch (Klassisches System)} (13... f4 14. b4 b6 15. bxc5 bxc5 16. Qa4 g5 17. Nb5 a6 18. Na3 Ng6 19. Qc6 Ra7 20. Rb8 g4 21. Rxc8 Qxc8 22. Qxd6 Rc7 23. Ba5 Ne8 {0-1 (52) Zhou,J (2625)-Zhao,J (2583) Xinghua 2012}) 14. a3 $146 ({Vorgänger:} 14. b4 b6 15. bxc5 bxc5 16. Qa4 f4 17. Nd1 Rf7 18. N1f2 g5 19. h3 Bh6 20. Qa5 Qf8 21. Bc3 {1-0 (41) Dearing,E (2412)-Capucci,M (2229) England 2011}) 14... Kh7 15. b4 b6 {Weiß steht besser.} 16. bxc5 bxc5 17. Rb2 f4 18. Qb1 Bd7 19. Rb7 Qc8 20. Bd1 ({Lieber} 20. Qb3 $16) 20... g5 $11 21. Ba4 Ng6 {[%cal Be7g6,Bg6h4,Bh4f3][%mdl 32]} 22. Bxd7 Nxd7 23. Na4 g4 24. Qb5 Rb8 25. Rb1 {[#]} (25. Rxb8 $1 $11 {bleibt in der Remisbreite.} Nxb8 26. Qa5) 25... gxf3 $1 $17 26. gxf3 $2 (26. Qc6 $17 fxg2 27. Rxb8 Qxc6 28. dxc6 Nxb8 29. c7) 26... Nh4 $19 27. Ne1 $2 {[#]} (27. Qxd7 {einziger Zug.} Qxd7 28. Rxd7 Rxb1+ 29. Kf2) 27... Nf6 $1 28. Rxb8 Nxf3+ $1 29. Nxf3 Qg4+ 30. Kf2 Nxe4+ 31. Ke2 Qg2+ 32. Kd1 {Droht Tb3 und aus.} Qxf3+ 33. Kc2 Nxd2 ({Minderwertig wäre} 33... Qe2 34. Rxf8 Qxd2+ 35. Kb3 $11) 34. Kxd2 {zielt auf Txf8 ab.} Rxb8 35. Qxb8 e4 36. Qb3 $2 (36. Qe8 $19 Qd3+ 37. Kc1 Qxc4+ 38. Kd1 Qxd5+ 39. Kc2) 36... Qg2+ 37. Kd1 f3 {[%cal Bf4f3,Bf3f2][%mdl 32] Schwarz setzt Matt.} 38. Rb2 Qf1+ 39. Kc2 f2 40. Qe3 {[#]} Qd3+ $1 {[%mdl 512] Precision: Weiß = 31%, Schwarz = 80%.} 0-1

[Event "Texas Collegiate chT 2017"]
[Site "Brownsville"]
[Date "2017.10.21"]
[Round "2"]
[White "Andrenko, Irina"]
[Black "Hernandez Carmenate, Holden"]
[Result "1/2-1/2"]
[WhiteElo "2146"]
[BlackElo "2463"]
[Annotator "TA"]
[PlyCount "96"]
[EventDate "2017.??.??"]
[EventType "team-tourn"]
[EventCountry "USA"]
[SourceTitle "playchess.com"]
[Source "ChessBase"]
[SourceQuality "1"]

{[%evp 22,96,0,-8,61,-12,-6,-30,17,-8,-14,-11,37,0,0,0,0,-6,-1,-19,29,-7,-23,-14,-9,-16,-14,-37,0,0,34,0,9,0,0,0,0,0,0,0,0,0,24,0,0,0,14,10,8,8,8,8,8,8,8,8,8,8,8,8,33,0,8,8,16,8,8,8,8,0,0,0,0,0,0,0,0]} 1. e4 c6 2. d4 d5 3. Nc3 dxe4 4. Nxe4 Bf5 5. Ng3 Bg6 6. Bc4 e6 7. N1e2 Bd6 8. h4 h6 9. Nf4 Bxf4 10. Bxf4 Nf6 11. h5 {B18: Classical Caro-Kann: 4...Bf5 sidelines} Bh7 12. c3 {LiveBook: 13 Games} Nd5 (12... Nbd7 $11) (12... Nbd7 13. Qe2 O-O 14. O-O Re8 15. Rfe1 Nd5 16. Bd2 Qh4 {½-½ (45) Ponomariov,R (2706)-Grischuk,A (2747) Almaty 2016}) 13. Bd2 (13. Bxd5 $1 $14 cxd5 14. Qg4) 13... O-O $146 ({Predecessor:} 13... Nd7 14. Qg4 Qf6 15. f4 O-O-O 16. Qh4 Qxh4 17. Rxh4 N7f6 18. O-O-O Ne4 19. Nxe4 Bxe4 {1-0 (59) Kozelsky,M (1951)-Ben,J (1617) Orlova 2016}) 14. Qf3 e5 15. O-O-O ({Of course not} 15. dxe5 Nd7 $15) 15... exd4 16. cxd4 Nb6 17. Bd3 Qd5 18. Bxh7+ Kxh7 19. Qd3+ Kh8 20. Kb1 N8d7 21. Bb4 Rfe8 22. Nf5 Re6 23. g4 a5 24. Bc3 Nf6 25. f3 Qc4 26. Qxc4 Nxc4 27. d5 Nxd5 28. Bxg7+ Kh7 29. Bd4 $1 a4 30. Rh2 a3 31. Ng7 Nxb2 32. Rg1 Re7 33. Nf5 {[#] Strongly threatening g5.} Ree8 34. g5 hxg5 35. Rxg5 Rg8 $1 {[%cal Rg8g5]} 36. Rhg2 {White wants to mate with Rg7+.} Rxg5 37. Rxg5 {[#] Threatening mate with Rg7+.} Rg8 $132 {[%mdl 2048] Black is not keeping still} 38. Rxg8 Kxg8 39. Bxb2 axb2 40. Kxb2 {[%mdl 4096] Endgame KN-KN} Nf4 41. h6 Nd3+ {The position is equal.} 42. Kc3 Ne5 43. f4 Ng6 44. Kd4 Nxf4 45. Nd6 b5 46. h7+ Kxh7 {White should prevent ...Ne6+.} 47. Nxf7 Nd5 48. Ne5 Nb4 {Precision: White = 52%, Black = 54%.} 1/2-1/2

[Event "Texas Collegiate chT 2017"]
[Site "Brownsville"]
[Date "2017.10.21"]
[Round "2"]
[White "Concha Munoz, Claudia"]
[Black "Preotu, Razvan"]
[Result "0-1"]
[WhiteElo "1862"]
[BlackElo "2502"]
[Annotator "TA"]
[PlyCount "80"]
[EventDate "2017.??.??"]
[EventType "team-tourn"]
[EventCountry "USA"]
[SourceTitle "playchess.com"]
[Source "ChessBase"]
[SourceQuality "1"]

{[%evp 15,80,-25,-7,-46,-43,-68,-60,-58,-64,-48,-28,-45,-35,-43,-11,-23,0,-40,0,0,0,-4,8,0,0,-86,-91,-89,-102,-242,-87,-79,0,0,0,-21,0,0,0,0,22,0,0,0,0,-79,-72,-114,-99,-135,-139,-134,-37,-37,-42,-25,-33,-800,-785,-955,-950,-941,-941,-29985,-872,-29987,-29987]} 1. d4 Nf6 2. c4 e6 3. Nc3 Bb4 4. Bd2 O-O 5. Nf3 c5 6. dxc5 Bxc5 7. e3 d5 8. Qc2 Nc6 9. a3 {E51: Nimzo-Indian: Rubinstein: 4...0-0 5 Nf3 d5} (9. Be2 a6 10. a3 d4 11. exd4 Nxd4 12. Nxd4 Bxd4 13. O-O Qc7 14. Rad1 Be5 15. h3 Bd7 16. Be3 Bc6 {½-½ (81) Uhlmann,W (2412)-Kortschnoj,V (2566) Dresden 2010}) 9... d4 10. exd4 Nxd4 11. Nxd4 {Black is slightly better.} Qxd4 12. Nd1 b6 {[%cal Bb7b6,Bb6c5,Bc5d4][%mdl 32]} 13. Be2 $146 ({Predecessor:} 13. Bc3 Qh4 14. Bxf6 Qxf6 15. Bd3 Bb7 16. O-O Qf4 {0-1 (27) Vujovic,M (2316)-Inkiov,V (2438) Gallipoli 2000}) 13... Bb7 {Hoping for ...Qh4.} 14. Be3 Qh4 (14... Qe5 {keeps more tension.} 15. Bxc5 bxc5 16. O-O Rad8 17. Nc3 Ne4) 15. Bxc5 bxc5 16. Ne3 (16. O-O {with more complications.} a5 17. f3 Nh5 18. Nc3 Qg5 19. Rad1) 16... Nh5 17. Bxh5 Qxh5 18. O-O Rfd8 19. Rad1 Rd4 20. Rxd4 (20. b4 $11) 20... cxd4 $17 21. Qb3 Be4 $1 ({Much weaker is} 21... dxe3 $6 22. Qxb7 exf2+ 23. Rxf2 $11) 22. Nd1 (22. Nc2 $17 {was called for.}) 22... Rc8 $2 (22... Qe2 $19 23. Qb4 Bc2) 23. f3 Ba8 ({Black should play} 23... Bg6 $17 24. Nf2 Qc5) 24. Nf2 $11 Qc5 25. Rc1 Qg5 26. Rd1 e5 {[%cal Be6e5,Be5e4][%mdl 32]} 27. Qd3 f5 28. Re1 Re8 29. c5 Qg6 30. Qb3+ (30. b4 $11 {remains equal.}) 30... Kh8 $17 31. Nh3 e4 32. Nf4 {[#]} Qf6 $1 33. Qc4 Rd8 (33... Qe5 $17 34. g3 Bc6) 34. fxe4 $15 fxe4 35. Rf1 $1 {Threatening Ne2.} e3 {aiming for ...Qc6.} 36. Ne6 $2 {[%mdl 8192]} (36. b4 $15) 36... Bd5 $19 37. Qxd5 Rxd5 38. Rxf6 gxf6 39. c6 Rd6 (39... e2 $142 40. Kf2 d3 41. Nf4 {[#]} d2 $1 {[%mdl 512]} 42. Kxe2 d1=Q+ 43. Kf2 Rd2+ 44. Kg3 Rd4 45. c7 Qb3+ 46. Kh4 Rxf4+ 47. g4 Qg8 48. c8=Q Qxc8 49. h3 Rf3 50. b3 Qg8 51. Kh5 Rxh3#) 40. c7 Rc6 {Precision: White = 32%, Black = 41%.} 0-1

[Event "Texas Collegiate chT 2017"]
[Site "Brownsville"]
[Date "2017.10.22"]
[Round "3"]
[White "Dragun, Kamil"]
[Black "Kovalyov, Anton"]
[Result "1/2-1/2"]
[WhiteElo "2612"]
[BlackElo "2663"]
[Annotator "TA"]
[PlyCount "52"]
[EventDate "2017.??.??"]
[EventType "team-tourn"]
[EventCountry "USA"]
[SourceTitle "playchess.com"]
[Source "ChessBase"]
[SourceQuality "1"]

{[%evp 18,52,-20,-35,-33,-32,-38,-35,-20,-23,-15,-26,-14,-34,-17,-16,-16,-18,-13,-34,-20,-18,-25,-20,-16,-18,-3,-3,-8,-13,0,-7,0,-19,0,-3,0]} 1. d4 Nf6 2. c4 e6 3. Nf3 d5 4. g3 Be7 5. Bg2 O-O 6. cxd5 exd5 7. O-O c6 8. Nc3 Bf5 9. Nh4 Be6 {E06: Closed Catalan: Early deviations} 10. Qc2 {LiveBook: 3 Games} Re8 11. Rd1 (11. Bf4 Nh5 12. Nf5 Nxf4 13. Nxe7+ Qxe7 14. gxf4 Qf6 15. e3 Nd7 16. Kh1 Nb6 17. Rg1 {0-1 (102) Bjelobrk,I (2361)-Illingworth,M (2476) Sydney 2015}) 11... Nbd7 {Black is slightly better.} 12. Nf3 $146 ({Predecessor:} 12. Bd2 Nb6 13. Be1 Nc4 14. Bh1 Nd6 15. f3 Nd7 {1-0 (59) Dmitriev,I (2346)-Saduakassova,D (1916) Voronezh 2009}) 12... g6 13. Bg5 Bf5 14. Qd2 Ne4 15. Nxe4 Bxe4 16. Bxe7 Qxe7 17. Rac1 Kg7 18. Qf4 Nf6 19. Rc3 h6 20. h4 Rad8 {[%cal Ba8d8,Bd8d6,Bd6e6][%mdl 32] The position is equal.} 21. Ne5 Bxg2 22. Kxg2 Rd6 23. Rf3 Rf8 24. Qe3 Ne4 25. Qa3 a6 26. Rb3 Re6 {Precision: White = 60%, Black = 40%.} 1/2-1/2

[Event "Texas Collegiate chT 2017"]
[Site "Brownsville"]
[Date "2017.10.22"]
[Round "3"]
[White "Belous, Vladimir"]
[Black "Kadric, Denis"]
[Result "1-0"]
[WhiteElo "2564"]
[BlackElo "2500"]
[Annotator "TA"]
[PlyCount "39"]
[EventDate "2017.??.??"]
[EventType "team-tourn"]
[EventCountry "USA"]
[SourceTitle "playchess.com"]
[Source "ChessBase"]
[SourceQuality "1"]

{[%evp 13,39,29,39,39,70,34,53,20,60,61,77,79,136,144,132,102,230,219,235,234,228,174,848,843,1381,1359,1314,1302]} 1. Nf3 g6 2. d4 d6 3. c4 Bg7 4. Nc3 Nd7 5. e4 e5 6. d5 a5 7. Be2 {A42: Modern Defence: Averbakh Variation} (7. h3 Nc5 8. Be3 h5 9. Be2 b6 10. Qc2 Bh6 11. Bxh6 Nxh6 12. O-O-O f5 13. exf5 Bxf5 14. Qd2 Nf7 {0-1 (23) Brunello,S (2567)-Andreikin,D (2732) Reykjavik 2016}) 7... Nc5 {LiveBook: 7 Games} 8. Be3 Nh6 9. Nxe5 {White is slightly better.} Bxe5 10. Bxh6 Qh4 11. Qc1 $1 {Threatens to win with Bg5.} Nxe4 12. g3 Qh3 $146 (12... Bxc3+ $142 13. bxc3 Qf6) ({Predecessor:} 12... Bxc3+ 13. bxc3 Qe7 14. O-O f5 {1-0 (28) Almeida Quintana,O (2475)-Kristiansen,J (2425) Banyoles 2006}) 13. Nxe4 $16 Qg2 14. Nf6+ $1 Bxf6 (14... Kd8 $16 {was necessary.} 15. Rf1 Bxf6) 15. Qe3+ $18 Kd8 {[#]} 16. Bg5 $1 {[%cal Rg5f6][%mdl 512]} Bxg5 (16... Qxh1+ $2 {is the wrong capture.} 17. Kd2 $18) 17. Qxg5+ Kd7 $2 {[#]} (17... Ke8 18. O-O-O (18. Qe3+ Kf8 $16) 18... Kf8) 18. O-O-O $1 {White is clearly winning.} Qxf2 19. Bg4+ f5 20. Rd2 {Precision: White = 86%, Black = 14%.} 1-0

[Event "Texas Collegiate chT 2017"]
[Site "Brownsville"]
[Date "2017.10.22"]
[Round "3"]
[White "Matsenko, Sergei"]
[Black "Raznikov, Danny"]
[Result "1-0"]
[WhiteElo "2542"]
[BlackElo "2491"]
[Annotator "TA"]
[PlyCount "89"]
[EventDate "2017.??.??"]
[EventType "team-tourn"]
[EventCountry "USA"]
[SourceTitle "playchess.com"]
[Source "ChessBase"]
[SourceQuality "1"]

{[%evp 14,89,21,0,19,2,11,15,16,8,17,14,19,20,25,34,44,4,4,0,6,0,11,20,49,42,60,7,12,13,9,17,115,119,137,131,131,112,152,133,103,133,164,164,198,174,217,217,248,249,283,271,242,233,262,252,281,203,359,174,174,163,164,163,155,163,182,176,331,200,210,175,690,662,674,466,617,618]} 1. Nf3 d5 2. c4 c6 3. e3 Nf6 4. Nc3 g6 5. d4 Bg7 6. Bd3 O-O 7. cxd5 {D94: Grünfeld: 4 Nf3 Bg7 5 e3} (7. O-O Bg4 8. h3 Bxf3 9. Qxf3 dxc4 10. Bxc4 Nbd7 11. Rd1 e5 12. d5 e4 13. Nxe4 Nxe4 14. Qxe4 Nb6 15. Qc2 Nxc4 16. Qxc4 cxd5 17. Rxd5 Qb6 18. Qd3 Rad8 19. e4 Bd4 20. Qf3 Rc8 21. a4 Rc2 22. a5 Qb4 23. Bh6 Qxb2 24. Rf1 Bg7 25. Be3 b6 26. axb6 axb6 {½-½ (26) Dubov,D (2660)-Sutovsky,E (2650) Poikovsky 2017}) 7... cxd5 8. Ne5 {LiveBook: 3 Games} b6 9. O-O {The position is equal.} Bb7 10. b3 $146 ({Predecessor:} 10. f4 Nc6 11. Nxc6 Bxc6 12. b3 Qd7 13. Ba3 Rfc8 14. Qe2 Bf8 15. Rac1 Ne4 {½-½ (15) Lorscheid,G (2345)-Genov,P (2478) Budapest 2010}) 10... Nbd7 11. f4 {[%cal Bf2f4,Bf4e5][%mdl 32]} Rc8 12. Bb2 Ne4 13. Nxe4 dxe4 14. Bc4 Nxe5 15. fxe5 Bd5 16. Rc1 Qd7 17. Ba3 {Threatening Bxd5.} Bxc4 18. bxc4 Rc7 19. Qb3 Qe6 20. c5 ({White should try} 20. Bb2 $14) 20... Qxb3 $11 21. axb3 {Threatens to win with cxb6.} bxc5 22. Bxc5 Rb8 (22... a5 $11) 23. b4 $16 Bf8 24. Ra1 e6 25. Ra3 Rxb4 26. Bxb4 Bxb4 {[%mdl 4096] Endgame KRR-KRB} 27. Ra2 a5 28. Rf4 h5 29. h4 Rc1+ {[#]} 30. Kf2 $1 Rh1 31. Rxe4 Be1+ 32. Ke2 Bxh4 33. Rxa5 Rh2 34. Kd3 Bg5 35. Ra2 Kg7 $2 {[#]} (35... Rh1 36. Ke2 Kf8) 36. Re2 (36. d5 $142) 36... Rh1 $18 37. d5 exd5 38. Rd4 Rd1+ 39. Kc2 Rg1 40. Rxd5 Bh4 $2 (40... Ra1 41. e6 f6 42. Rd7+ Kf8) 41. Kd3 Rd1+ 42. Rd2 Rxd2+ $2 (42... Ra1 43. Ke4 Kh6) 43. Kxd2 {White is clearly winning.} g5 44. Ke2 Kg6 45. Rd6+ {Precision: White = 51%, Black = 31%.} 1-0